5HLuxD.jpg

KING HENRY VIII SENIOR AND PRIMARY SCHOOL LIBRARY OPAC

Cambridge IGCSE Combined Science : (Record no. 3686)

000 -LEADER
fixed length control field 00850nam a22002537a 4500
003 - CONTROL NUMBER IDENTIFIER
control field OSt
005 - DATE AND TIME OF LATEST TRANSACTION
control field 20240613092818.0
008 - FIXED-LENGTH DATA ELEMENTS--GENERAL INFORMATION
fixed length control field 240613b ||||| |||| 00| 0 eng d
020 ## - INTERNATIONAL STANDARD BOOK NUMBER
International Standard Book Number 9780008545895
040 ## - CATALOGING SOURCE
Transcribing agency KH8
082 ## - DEWEY DECIMAL CLASSIFICATION NUMBER
Classification number 500 BRA
100 ## - MAIN ENTRY--PERSONAL NAME
Personal name Bradley, Malcolm,
Relator term author.
245 ## - TITLE STATEMENT
Title Cambridge IGCSE Combined Science :
Remainder of title Student's Book /
Statement of responsibility, etc. Malcom Bradley, Gurinder Chadha, Jackie Clegg, Susan Gardner, Sam Goodman and others.
260 ## - PUBLICATION, DISTRIBUTION, ETC.
Place of publication, distribution, etc. United Kingdom;
Name of publisher, distributor, etc. Harper Collins Publishers,
Date of publication, distribution, etc. 2023.
300 ## - PHYSICAL DESCRIPTION
Extent 747 pages:
Other physical details color illustrations ;
Dimensions 26.5 cm.
500 ## - GENERAL NOTE
General note Include index
650 ## - SUBJECT ADDED ENTRY--TOPICAL TERM
Topical term or geographic name entry element Combined science
Form subdivision student book
700 ## - ADDED ENTRY--PERSONAL NAME
Personal name Jinks, Sarah,
Relator term author.
700 ## - ADDED ENTRY--PERSONAL NAME
Personal name Kearsey, Sue,
Relator term author.
700 ## - ADDED ENTRY--PERSONAL NAME
Personal name Price, Gareth,
Relator term author.
700 ## - ADDED ENTRY--PERSONAL NAME
Personal name Smith, Mike,
Relator term author.
700 ## - ADDED ENTRY--PERSONAL NAME
Personal name Sunley, Chris,
Relator term author.
942 ## - ADDED ENTRY ELEMENTS (KOHA)
Source of classification or shelving scheme
Koha item type Teaching Resources
Holdings
Withdrawn status Lost status Source of classification or shelving scheme Damaged status Not for loan Collection code Permanent Location Current Location Shelving location Date acquired Total Checkouts Full call number Barcode Date last seen Date last checked out Price effective from Koha item type Date due
          Teaching Resources KH8 Senior School Library KH8 Senior School Library Staff Office 2024-06-13 1 500 BRA TRKHSL005509 2025-06-23 2025-05-23 2024-06-13 Teaching Resources  
          Teaching Resources KH8 Senior School Library KH8 Senior School Library Staff Office 2024-06-13 1 500 BRA TRKHSL005510 2025-07-01 2024-11-21 2024-06-13 Teaching Resources  
          Teaching Resources KH8 Senior School Library KH8 Senior School Library Staff Office 2024-06-13 1 500 BRA TRKHSL005511 2025-07-01 2024-11-21 2024-06-13 Teaching Resources  
          Teaching Resources KH8 Senior School Library KH8 Senior School Library Staff Office 2024-06-13 2 500 BRA TRKHSL005512 2025-08-25 2025-08-25 2024-06-13 Teaching Resources 2026-07-03
          Teaching Resources KH8 Senior School Library KH8 Senior School Library Staff Office 2024-06-13 2 500 BRA TRKHSL005513 2025-08-25 2025-08-25 2024-06-13 Teaching Resources 2026-07-03
          Teaching Resources KH8 Senior School Library KH8 Senior School Library Staff Office 2024-06-13 1 500 BRA TRKHSL005514 2025-07-01 2024-11-21 2024-06-13 Teaching Resources  
          Teaching Resources KH8 Senior School Library KH8 Senior School Library Staff Office 2024-06-13 2 500 BRA TRKHSL005515 2025-09-10 2025-09-10 2024-06-13 Teaching Resources 2026-07-03
          Teaching Resources KH8 Senior School Library KH8 Senior School Library Staff Office 2024-06-13   500 BRA TRKHSL005516 2024-06-13   2024-06-13 Teaching Resources  
          Teaching Resources KH8 Senior School Library KH8 Senior School Library Staff Office 2024-06-13 2 500 BRA TRKHSL005517 2025-12-03 2025-08-25 2024-06-13 Teaching Resources  
          Teaching Resources KH8 Senior School Library KH8 Senior School Library Staff Office 2024-06-13 3 500 BRA TRKHSL005518 2025-09-09 2025-09-09 2024-06-13 Teaching Resources 2026-07-03
          Teaching Resources KH8 Senior School Library KH8 Senior School Library Staff Office 2024-06-13 1 500 BRA TRKHSL005519 2025-07-04 2024-11-15 2024-06-13 Teaching Resources  
          Teaching Resources KH8 Senior School Library KH8 Senior School Library Staff Office 2024-06-13 2 500 BRA TRKHSL005520 2025-11-04 2025-11-04 2024-06-13 Teaching Resources 2026-07-03
          Teaching Resources KH8 Senior School Library KH8 Senior School Library Staff Office 2024-06-13 2 500 BRA TRKHSL005521 2025-08-27 2025-08-27 2024-06-13 Teaching Resources 2026-07-03
          Teaching Resources KH8 Senior School Library KH8 Senior School Library Staff Office 2024-06-13 2 500 BRA TRKHSL005522 2025-08-25 2025-08-25 2024-06-13 Teaching Resources 2026-07-03
          Teaching Resources KH8 Senior School Library KH8 Senior School Library Staff Office 2024-06-13 2 500 BRA TRKHSL005523 2025-08-25 2025-08-25 2024-06-13 Teaching Resources 2026-07-03
          Teaching Resources KH8 Senior School Library KH8 Senior School Library Staff Office 2024-06-13 1 500 BRA TRKHSL005524 2024-11-08 2024-11-08 2024-06-13 Teaching Resources 2025-07-04
          Teaching Resources KH8 Senior School Library KH8 Senior School Library Staff Office 2024-06-13 2 500 BRA TRKHSL005525 2025-08-25 2025-08-25 2024-06-13 Teaching Resources 2026-07-03
          Teaching Resources KH8 Senior School Library KH8 Senior School Library Staff Office 2024-06-13 1 500 BRA TRKHSL005526 2025-07-01 2024-11-15 2024-06-13 Teaching Resources  
          Teaching Resources KH8 Senior School Library KH8 Senior School Library Staff Office 2024-06-13 2 500 BRA TRKHSL005527 2025-08-25 2025-08-25 2024-06-13 Teaching Resources 2026-07-03
          Teaching Resources KH8 Senior School Library KH8 Senior School Library Staff Office 2024-06-13 2 500 BRA TRKHSL005528 2025-08-25 2025-08-25 2024-06-13 Teaching Resources 2026-07-03

Powered By KH8 IT Dept